[Event "CRO-chT U20 23rd"]
[Site "Sv Filip i Jakov"]
[Date "2014.04.16"]
[Round "5.1"]
[White "Havas, Janko"]
[Black "Kukurin, Luka"]
[Result "1-0"]
[WhiteElo "2172"]
[BlackElo "1979"]
[PlyCount "135"]
[EventDate "2014.04.14"]
[EventType "team-tourn"]
[EventRounds "11"]
[EventCountry "CRO"]
[SourceTitle "EXT 2016"]
[Source "ChessBase"]
[SourceDate "2015.10.08"]
[SourceVersion "1"]
[SourceVersionDate "2015.10.08"]
[SourceQuality "1"]

1. d4 Nf6 2. Bg5 d5 3. Bxf6 exf6 4. e3 Bd6 5. g3 Nd7 6. Bg2 c6 7. Ne2 f5 8. 0-0 0-0 9. b3 Nf6 10. c4 dxc4 11. bxc4 Ne4 12. Nbc3 Re8 13. Qc2 Nxc3 14. Nxc3 f4 15. exf4 Bb4 16. Qb3 Qa5 17. Ne4 b5 18. a3 Bf8 19. cxb5 Be6 20. Qc2 h6 21. bxc6 Bd5 22. Qc3 Qd8 23. c7 Qd7 24. Rfe1 Rec8 25. Rac1 a5 26. Nc5 Qd6 27. Bxd5 Qxd5 28. Re5 Qd6 29. Na4 Qa6 30. Qc4 Bxa3 31. Qxa6 Rxa6 32. Rc4 Bd6 33. Re2 Rxc7 34. Re8+ Kh7 35. Rxc7 Bxc7 36. Re7 Bd8 37. Rd7 Bf6 38. d5 Kg6 39. Kg2 Bd4 40. Kf3 f5 41. Rc7 Kf6 42. Rc4 Ba7 43. Rc7 Bd4 44. Rc4 Ba7 45. Rc8 Bd4 46. Rc4 Ba7 47. Nc3 Bb8 48. h3 Rb6 49. Rc6+ Rxc6 50. dxc6 Ke7 51. Nb5 Kd8 52. Ke3 g5 53. fxg5 hxg5 54. Kd4 a4 55. h4 gxh4 56. gxh4 a3 57. Nxa3 Ba7+ 58. Kd5 Bxf2 59. h5 Bh4 60. Nb5 f4 61. Ke4 Bg5 62. Nd4 Ke7 63. Kf5 Bh6 64. Kg6 Bf8 65. Kg5 Kd6 66. Kxf4 Kd5 67. Kf5 Bd6 68. Nb5 1-0